ՀՀ Գիտությունների ազգային ակադեմիայի հիմնարար գիտական գրադարան  =   Fundamental Scientific Library of NAS RA

Моцарт : (Record no. 168707)

MARC details
000 -LEADER
fixed length control field 01053nam a2200253 u 4500
001 - CONTROL NUMBER
control field 000462639
003 - CONTROL NUMBER IDENTIFIER
control field AM-YeHGA
005 - DATE AND TIME OF LATEST TRANSACTION
control field 20250617133631.0
008 - FIXED-LENGTH DATA ELEMENTS--GENERAL INFORMATION
fixed length control field 051109s1977 ||||||||||||||||||||rus|d
040 ## - CATALOGING SOURCE
Original cataloging agency AM-YeHGA
041 1# - LANGUAGE CODE
Language code of text/sound track or separate title rus
Language code of original ger
090 ## - LOCALLY ASSIGNED LC-TYPE CALL NUMBER (OCLC); LOCAL CALL NUMBER (RLIN)
-- 170140
100 1# - MAIN ENTRY--PERSONAL NAME
Personal name Эйнштейн, Альфред
245 10 - TITLE STATEMENT
Title Моцарт :
Remainder of title Личность. Творчество /
Statement of responsibility, etc. А. Эйнштейн ; Ред. пер.: Е.С. Черной ; Пер. с нем. Е.М. Закс.
260 ## - PUBLICATION, DISTRIBUTION, ETC.
Place of publication, distribution, etc. Москва :
Name of publisher, distributor, etc. Музыка,
Date of publication, distribution, etc. 1977.
300 ## - PHYSICAL DESCRIPTION
Extent 453 с. :
Other physical details портр., нот. ил.
534 ## - ORIGINAL VERSION NOTE
Introductory phrase Оригинал :
Title statement of original Mozart : Sein charakter. Sein Werk /
Main entry of original A. Einstein
Publication, distribution, etc. of original Stockholm : 1947
600 14 - SUBJECT ADDED ENTRY--PERSONAL NAME
Personal name Моцарт, Вольфганг Амадей
Dates associated with a name 1756-1791
650 14 - SUBJECT ADDED ENTRY--TOPICAL TERM
Topical term or geographic name entry element Композиторы австрийские
650 14 - SUBJECT ADDED ENTRY--TOPICAL TERM
Topical term or geographic name entry element Музыкальная культура
Geographic subdivision Австрия
653 0# - INDEX TERM--UNCONTROLLED
Uncontrolled term Австрийская музыка - 18 в.
700 1# - ADDED ENTRY--PERSONAL NAME
Personal name Черной, Е.С.
Relator term ред.
Relationship edt
700 1# - ADDED ENTRY--PERSONAL NAME
Personal name Закс, Е.М.
Relator term пер.
Relationship trl
Holdings
Withdrawn status Lost status Damaged status Not for loan Collection Home library Current library Date acquired Total checkouts Full call number Barcode Date last seen Price effective from Koha item type Public note
        General Fundamental Scientific Library Fundamental Scientific Library 28/12/2016   PII/403854 FL0418130 28/12/2016 28/12/2016 Գրքեր / Books 30 Days Loan


ՀՀ ԳԱԱ հիմնարար գիտական գրադարան
ՀՀ,Երևան 0019
Մարշալ Բաղրամյան 24/6
հեռախոս:(374-10) 52-47-50
Հետադարձ կապ

All site content, except where otherwise noted, is licensed under a
Creative Commons License